00403nam a2200133Ia 450000500170000000800410001702000180005808200220007610000310009824500820012926000370021130000120024844000090026020241105135241.0240126s9999 xx 000 0 und d a9781847946751 a330.019 GNE;1 R aGneezy, Uri. List, John A. 4aThe why axis : hidden motives and the undiscovered economics of everyday life bRandom House BooksaLondonc2013 axi, 267 aNULL